|
|
|
|
| LEADER |
00000cam a2200000 c 4500 |
| 001 |
024765503 |
| 003 |
DE-627 |
| 005 |
20260206201000.0 |
| 007 |
tu |
| 008 |
840926s1983 gw ||||| 00| ||ger c |
| 015 |
|
|
|a 83,N29,0176
|2 dnb
|
| 015 |
|
|
|a 84,A01,0619
|2 dnb
|
| 016 |
7 |
|
|a 830755624
|2 DE-101
|
| 020 |
|
|
|a 3777306223
|9 3-7773-0622-3
|
| 035 |
|
|
|a (DE-627)024765503
|
| 035 |
|
|
|a (DE-603)08149470X
|
| 035 |
|
|
|a (DE-576)026386208
|
| 035 |
|
|
|a (DE-599)GBV024765503
|
| 035 |
|
|
|a (OCoLC)14535163
|
| 035 |
|
|
|a (OCoLC)260148337
|
| 035 |
|
|
|a (OCoLC)14535163
|
| 040 |
|
|
|a DE-627
|b ger
|c DE-627
|e rakwb
|
| 041 |
|
|
|a ger
|
| 044 |
|
|
|c XA-DE
|
| 084 |
|
|
|a MED 820
|2 sfb
|
| 084 |
|
|
|a ALLG 1350
|2 sfb
|
| 084 |
|
|
|a 33
|a 06
|a 14
|2 sdnb
|
| 084 |
|
|
|a XC 2650
|2 rvk
|0 (DE-625)rvk/152505:13129
|
| 245 |
0 |
0 |
|a Psychiatrie und Massenmedien
|b Presse - Funk - Fernsehen - Film
|c mit Beiträgen von M. Dellmann [u.a.] ; hrsg. von Volker Faust u. Günter Hole;
|
| 264 |
|
1 |
|a Stuttgart
|b Hippokrates-Verlag
|c 1983
|
| 300 |
|
|
|a 112 S
|b graph. Darst
|c 24 cm
|
| 336 |
|
|
|a Text
|b txt
|2 rdacontent
|
| 337 |
|
|
|a ohne Hilfsmittel zu benutzen
|b n
|2 rdamedia
|
| 338 |
|
|
|a Band
|b nc
|2 rdacarrier
|
| 490 |
0 |
|
|a Compendium psychiatricum
|
| 500 |
|
|
|a Literaturangaben
|
| 505 |
8 |
|
|a Literaturangaben
|
| 583 |
1 |
|
|a Archivierung/Langzeitarchivierung gewährleistet
|f PEBW
|x XA-DE-BW
|2 pdager
|5 DE-24
|
| 583 |
1 |
|
|a Archivierung prüfen
|c 20240324
|f DE-4165
|z 3
|2 pdager
|
| 650 |
|
0 |
|a Psychiatry
|
| 650 |
|
0 |
|a Mass Media
|
| 650 |
0 |
7 |
|0 (DE-588)4047667-4
|0 (DE-627)104826258
|0 (DE-576)209074299
|a Psychiatrie
|2 gnd
|
| 650 |
0 |
7 |
|0 (DE-588)4037877-9
|0 (DE-627)106235079
|0 (DE-576)209027029
|a Massenmedien
|2 gnd
|
| 650 |
|
4 |
|a Massenmedien
|
| 650 |
|
4 |
|a Psychiatrie
|
| 650 |
|
4 |
|a Massenmedium
|
| 650 |
|
4 |
|a Psychiatrie
|
| 650 |
|
4 |
|a Massenmedium
|
| 655 |
|
7 |
|a Aufsatzsammlung
|0 (DE-588)4143413-4
|0 (DE-627)105605727
|0 (DE-576)209726091
|2 gnd-content
|
| 689 |
0 |
0 |
|d s
|0 (DE-588)4037877-9
|0 (DE-627)106235079
|0 (DE-576)209027029
|a Massenmedien
|2 gnd
|
| 689 |
0 |
1 |
|d s
|0 (DE-588)4047667-4
|0 (DE-627)104826258
|0 (DE-576)209074299
|a Psychiatrie
|2 gnd
|
| 689 |
0 |
|
|5 (DE-627)
|
| 689 |
1 |
0 |
|d s
|0 (DE-588)4047667-4
|0 (DE-627)104826258
|0 (DE-576)209074299
|a Psychiatrie
|2 gnd
|
| 689 |
1 |
1 |
|d s
|0 (DE-588)4037877-9
|0 (DE-627)106235079
|0 (DE-576)209027029
|a Massenmedien
|2 gnd
|
| 689 |
1 |
|
|5 (DE-627)
|
| 700 |
1 |
|
|a Faust, Volker
|d 1941-
|e Hrsg.
|0 (DE-588)120210118
|0 (DE-627)080524338
|0 (DE-576)292098294
|4 edt
|
| 700 |
1 |
|
|a Hole, Günter
|d 1928-2021
|0 (DE-588)12353724X
|0 (DE-627)082615462
|0 (DE-576)161467431
|4 oth
|
| 700 |
1 |
|
|a Dellmann, M.
|4 oth
|
| 935 |
|
|
|i Blocktest
|
| 935 |
|
|
|h HEB
|i 0501
|
| 935 |
|
|
|h HEB
|i 0503
|
| 936 |
r |
v |
|a XC 2650
|b Allgemeines
|k Medizin
|k Allgemeine Medizin, Krankenhauswesen, Krankenpflege
|k Medizin und Geisteswissenschaften
|k Medizin und Soziologie (Sozialpsychiatrie s. YH 4600; Sozialmedizin s. XF 1500 ff)
|k Allgemeines
|0 (DE-627)1270927140
|0 (DE-625)rvk/152505:13129
|0 (DE-576)200927140
|
| 936 |
s |
n |
|a w200
|2 mzub
|
| 936 |
s |
n |
|a a300
|2 mzub
|
| 936 |
s |
n |
|a m200
|2 mzub
|
| 951 |
|
|
|a BO
|
| ELC |
|
|
|b 1
|
| LOK |
|
|
|0 000 xxxxxcx a22 zn 4500
|
| LOK |
|
|
|0 001 3091929620
|
| LOK |
|
|
|0 003 DE-627
|
| LOK |
|
|
|0 004 024765503
|
| LOK |
|
|
|0 005 20131113115805
|
| LOK |
|
|
|0 008 930329||||||||||||||||ger|||||||
|
| LOK |
|
|
|0 040
|a DE-21-110
|c DE-627
|d DE-21-110
|
| LOK |
|
|
|0 689
|a s
|a Medienberichterstattung
|
| LOK |
|
|
|0 852
|a DE-21-110
|
| LOK |
|
|
|0 852 1
|c B XI 92
|m p
|9 00
|
| LOK |
|
|
|0 935
|a k110
|
| LOK |
|
|
|0 936ln
|a 7.3.3.5
|
| LOK |
|
|
|0 938
|k p
|
| LOK |
|
|
|0 939
|a 29-03-93
|b l01
|
| ORI |
|
|
|a SA-MARC-krimdoka001.raw
|
| SIG |
|
|
|a IFK: B XI 92
|
| SPR |
|
|
|a 1
|t KRI
|